| 000 | 00895nam a2200229 a 4500 | ||
|---|---|---|---|
| 001 | 000010129 | ||
| 005 | 20240412074215.0 | ||
| 008 | 091005s1992 dr a r 000 p spa d | ||
| 040 |
_aDO-SdBNP _bspa _cBNPHU |
||
| 082 |
_aRD861.44 _bD725e |
||
| 100 | 1 |
_aDotel Pérez, Julio César, _d1946 - _925125 |
|
| 245 | 1 | 0 |
_aEntre risas y llantos / _cJulio César Dotel Pérez. |
| 260 |
_aSanto Domingo : _bUniversitaria -UASD-, _c1992. |
||
| 300 |
_a84 p. : _bil. ; _c22 cm. |
||
| 490 | 1 |
_aPublicaciones de la Universidad Autónoma de Santo Domingo ; _v712 |
|
| 500 | _aA la cabeza de la cabeza de la portada: Una obra poética para quinientos años | ||
| 590 | _aInventariado, 2018/BT | ||
| 650 | 0 |
_aPoesía dominicana _966 |
|
| 650 | 0 |
_aLiteratura dominicana. _967 |
|
| 830 | 0 |
_aPublicaciones de la Universidad Autónoma de Santo Domingo ; _n712 _925126 |
|
| 910 | _aValidado. Control de calidad. MMOLINA | ||
| 999 |
_c9888 _d9888 |
||